アメリカの大統領 - Statistics

General Stats
  • This quiz has been taken 913 times
  • The average score is 15 of 46
Answer Stats
ヒント 答え % Correct
初代 1789-1797 無所属 ワシントン
93%
45代 2017-2021 共和党 トランプ
92%
44代 2009-2017 民主党 オバマ
90%
46代 2021-    民主党 バイデン
86%
41代 1989-1993 共和党 ブッシュ (父)
80%
43代 2001-2009 共和党 ブッシュ (子)
80%
16代 1861-1865 共和党 リンカーン
78%
35代 1961-1963 民主党 ケネディ
76%
42代 1993-2001 民主党 クリントン
68%
37代 1969-1974 共和党 ニクソン
61%
40代 1981-1989 共和党 レーガン
54%
32代 1933-1945 民主党 フランクリン・ルーズベルト
53%
33代 1945-1953 民主党 トルーマン
53%
26代 1901-1909 共和党 セオドア・ルーズベルト
51%
34代 1953-1961 共和党 アイゼンハワー
49%
39代 1977-1981 民主党 カーター
45%
3代 1801-1809 民主共和党 ジェファーソン
36%
7代 1829-1837 民主党 ジャクソン
31%
28代 1913-1921 民主党 ウィルソン
28%
5代 1817-1825 民主共和党 モンロー
27%
38代 1974-1977 共和党 フォード
27%
31代 1929-1933 共和党 フーヴァー
22%
25代 1897-1901 共和党 マッキンリー
21%
2代 1897-1801 連邦党 ジョン・アダムズ
19%
36代 1963-1969 民主党 リンドン・ジョンソン
16%
13代 1850-1853 ホイッグ党 フィルモア
15%
22代 1885-1889 民主党 クリーブランド
14%
24代 1893-1897 民主党 クリーブランド
14%
30代 1923-1929 共和党 クーリッジ
14%
27代 1909-1913 共和党 タフト
13%
20代 1881-1881 共和党 ガーフィールド
12%
29代 1921-1923 共和党 ハーディング
12%
18代 1869-1877 共和党 グラント
11%
4代 1809-1817 民主共和党 マディソン
10%
15代 1857-1861 民主党 ブキャナン
9%
10代 1841-1845 ホイッグ党 タイラー
8%
11代 1845-1849 民主党 ポーク
8%
12代 1849-1850 ホイッグ党 テイラー
8%
14代 1853-1857 民主党 ピアース
7%
17代 1865-1869 民主党 アンドリュー・ジョンソン
7%
21代 1881-1885 共和党 アーサー
6%
6代 1825-1829 民主共和党 ジョン・クィンシー・アダムズ
5%
8代 1837-1841 民主党 ビューレン
5%
9代 1841-1841 ホイッグ党 ウィリアム・ハリソン
4%
19代 1877-1881 共和党 ヘイズ
4%
23代 1889-1893 共和党 ベンジャミン・ハリソン
4%
No matching quizzes found
Score Distribution
Percent of People with Each Score
Percentile by Number Answered
Your Score History
You have not taken this quiz